Southville International School and Colleges
Your cart is empty.
  • Cart
  • Lists
    Public lists Eva Luna New books Lux_list list_1
    Your lists Log in to create your own lists
  • Log in to your account
  • Your cookies
  • Search history
Southville International School and Colleges
  • Advanced search
  • Recent comments
  • Most popular
  • Libraries

Log in to your account

Log in with GOOGLE


If you do not have an external account, but do have a local account, you can still log in:

  1. Home
  2. MARC view: Story starters: stories about animals /
Normal view MARC view ISBD view

Story starters: stories about animals / (Record no. 103091)

[ view plain ]
MARC details
000 -LEADER
fixed length control field 00871nam a2200193 a 4500
005 - DATE AND TIME OF LATEST TRANSACTION
control field 20140412111250.0
008 - FIXED-LENGTH DATA ELEMENTS--GENERAL INFORMATION
fixed length control field 010326s19uu xx 00 eng d
020 ## - INTERNATIONAL STANDARD BOOK NUMBER
International Standard Book Number 1-56565-570-2
050 ## - LIBRARY OF CONGRESS CALL NUMBER
Classification number TR(GS 372.6
Item number K63 1997
100 ## - MAIN ENTRY--PERSONAL NAME
Personal name Koerner, Julie
245 ## - TITLE STATEMENT
Title Story starters: stories about animals /
Statement of responsibility, etc written by Julie Koerner ; illustrated by Leo Abbett.
260 ## - PUBLICATION, DISTRIBUTION, ETC. (IMPRINT)
Place of publication, distribution, etc Los Angeles :
Name of publisher, distributor, etc Lowell House Juvenile,
Date of publication, distribution, etc 1997.
300 ## - PHYSICAL DESCRIPTION
Extent 62 p. ; ill.
440 ## - SERIES STATEMENT/ADDED ENTRY--TITLE
Title Gifted & Talented Series
520 ## - SUMMARY, ETC.
Summary, etc Gifted & Talented Story Starters: Stories About Animals will help develop your child's natural talents and gifts by providing story-telling and writing activties to enhance critical and creative thinking skills. These skills of logic and reasoning teach children how to think.
650 ## - SUBJECT ADDED ENTRY--TOPICAL TERM
Topical term or geographic name as entry element Story telling activities
650 ## - SUBJECT ADDED ENTRY--TOPICAL TERM
Topical term or geographic name as entry element Writing activities
Holdings
Withdrawn status Lost status Damaged status Home library Current library Shelving location Date acquired Source of acquisition Total Checkouts Full call number Barcode Date last seen Price effective from Koha item type
      Elizalde Library Elizalde Library Teachers Reference Section 03/26/2001     TR(GS 372.6 K63 1997 E3849 04/12/2014 04/12/2014 Books

Story starters: stories about animals /

APA

Koerner J., . (1997). Story starters: stories about animals. Los Angeles: Lowell House Juvenile.

Chicago

Koerner Julie, . 1997. Story starters: stories about animals. Los Angeles: Lowell House Juvenile.

Harvard

Koerner J., . (1997). Story starters: stories about animals. Los Angeles: Lowell House Juvenile.

MLA

Koerner Julie, . Story starters: stories about animals. Los Angeles: Lowell House Juvenile. 1997.

  • Place hold
  • Print
  • Cite
  • Add to your cart (remove)
  • Save record
    BIBTEX Dublin Core MARCXML MARC (non-Unicode/MARC-8) MARC (Unicode/UTF-8) MARC (Unicode/UTF-8, Standard) MODS (XML) RIS
  • More searches
    Search for this title in:
    Other Libraries (WorldCat) Other Databases (Google Scholar) Online Stores (Bookfinder.com) Open Library (openlibrary.org)

Exporting to Dublin Core...

SOUTHVILLE LIBRARY

Southville International School and Colleges Library

1281 Tropical Ave. Cor. Luxembourg St., BF Homes International, Las Pinas City

Tel. No. 8256374 / 252358 Loc. 117/146

Powered by Koha